| 000 | 004060000a22001570004500 | ||
|---|---|---|---|
| 005 | 20120302065417.0 | ||
| 942 | _cBOOK | ||
| 100 | _a Subhedar, Shobha Mahendra | ||
| 245 | _a Tichyatli Stree | ||
| 250 | _a 1st | ||
| 260 | _aThane: Suhasini Prakashan, 2009 | ||
| 300 | _a311p | ||
| 040 | _aMar | ||
| 365 | _b300/- | ||
| 650 | _aAbout Woman rights, Vaicharik, Philosophical, Stree vishesh, woman special | ||
| 999 |
_c364718 _d364715 |
||